000 00312nam a2200133Ia 4500
008 151001s9999||||xx |||||||||||||| ||und||
100 _aअरुण शेवते
245 _aऋतुरंग
250 _a1
260 _bसुरेश
260 _c1992
300 _a112
365 _b21
999 _c971905
_d971902